| 000 | 00455nam a2200145 a 4500 | ||
|---|---|---|---|
| 001 | 000030304 | ||
| 005 | 20200930060221.0 | ||
| 008 | 110509s2002 dr a 000 0 spa d | ||
| 040 |
_aDO-SdBNP _bspa _cBNPHU |
||
| 082 |
_axxx _bG943 |
||
| 245 | 0 | 0 | _aGuía de uso del rotafolio de agricultura sostenible. |
| 260 |
_aSanto Domingo : _bConsorcio Ambiental Dominicano (CAD) : _bHelvetas : _bMacasías, _c2002. |
||
| 300 |
_a49 p. : _bil. ; _c29 cm. |
||
| 049 | _aBNPD | ||
| 999 |
_c29796 _d29796 |
||